00678nam a2200169Ia 4500008004100000020002800041041001300069050002500082100002100107245009500128246002600223260005800249300002400307500009200331650004900423700003600472230520s9999 xx 000 0 und d a97875004241857500424183 achiheng aD16.8 b.P57127 1998 aPopper, Karl R.  0a历史主义贫困论b/c(英) 卡尔・波普尔 (Karl R. Popper) 著; 何林, 赵平译 a歷史主義貧困論 a北京 : b中国社会科学出版社,c2014, c 1998 a183 p. b; c20 cm. aTranslation of: The Poverty of historicism / Karl R. Popper. Routledge & K. Paul, 1960. aHistoricism.Historicisme.History Philosophy. a卡尔・波普尔 何林赵平